000
00259nam a22001097a 4500
082
_a
621.3 GHA'A
100
_a
GRAHAM, FRANK D
_9
42150
245
_a
AUDELS NEW ELECTRONIC LIBRARY VOL-VII
260
_a
NEWYORK
_b
NEWYORK
_c
1963
300
_a
3,630P
942
_c
BK
999
_c
567262
_d
567262